Problems of Governance in India since Independence: the Bengal success story (Record no. 17)

MARC details
000 -LEADER
fixed length control field 00518nam a2200169Ia 4500
020 ## - INTERNATIONAL STANDARD BOOK NUMBER
ISBN 81-7936-002-4
082 ## - DEWEY DECIMAL CLASSIFICATION NUMBER
Classification number 320.954 MAI-P
100 ## - MAIN ENTRY--AUTHOR NAME
Personal name Maiti, Prasenjit
245 #0 - TITLE STATEMENT
Title Problems of Governance in India since Independence: the Bengal success story
260 ## - PUBLICATION, DISTRIBUTION, ETC. (IMPRINT)
Place of publication New Delhi
Name of publisher Vedams ebooks Pvt. Ltd.
Year of publication 2002
300 ## - PHYSICAL DESCRIPTION
Number of Pages xii, 123
504 ## - BIBLIOGRAPHY, ETC. NOTE
Bibliography, etc Includes bibliography and Index
650 ## - SUBJECT ADDED ENTRY--TOPICAL TERM
Topical Term India
Form subdivision Politics and government
650 ## - SUBJECT ADDED ENTRY--TOPICAL TERM
Topical Term West Bengal
Form subdivision History
650 ## - SUBJECT ADDED ENTRY--TOPICAL TERM
Topical Term West Bengal
Form subdivision Politics and history
942 ## - ADDED ENTRY ELEMENTS (KOHA)
Koha item type Books
Holdings
Withdrawn status Lost status Damaged status Not for loan Home library Current library Date acquired Full call number Accession Number Price effective from Koha item type Collection code Bill Date
        NASSDOC Library NASSDOC Library 08/10/2004 320.954 MAI-P 1596 18/04/2019 Books    
        NASSDOC Library NASSDOC Library 06/01/2017 320.954 MAI-P D001596 18/04/2019 Books Docas Books 2004-10-22